000 00309nam a22001457a 4500
008 230912b ||||| |||| 00| 0 eng d
020 _a0201407914
041 _aeng
080 _a521
082 _a521BAH
100 _a19
101 _aASTRO
245 _aSOLAR NEUTRINOS
_cBAHCALL.N.J
942 _2udc
_cBK
999 _c60348
_d60348